000 00646cam a2200229 4500
001 J1371
008 1953
035 _a(Sirsi) u43168
041 _aeng
050 _a333.0076
090 _aRICS 1953/1A
110 _aRoyal Institution of Chartered Surveyors
_94900
245 _aRules and syllabus for the professional examinations...June 1953
260 _aLondon
_bRICS
_c1953
300 _a84p. ; 22cm.
350 _a0
650 _aPROFESSIONAL EXAMINATIONS
651 4 _aUnited Kingdom
_y
690 _aMANAGEMENT-BUSINESS MANAGEMENT-PROFESSIONAL PRACTICE
942 _n0
948 _c04/03/1997
999 _c91259
_d91259